Project planning and scheduling (Record no. 399924)

000 -LEADER
fixed length control field 00500cam a22001697a 4500
008 - FIXED-LENGTH DATA ELEMENTS--GENERAL INFORMATION
fixed length control field 180718b2002 xxu||||| |||| 00| 0 eng d
020 ## - INTERNATIONAL STANDARD BOOK NUMBER
International Standard Book Number 1567261361
082 ## - DEWEY DECIMAL CLASSIFICATION NUMBER
Classification number I57 H293
100 ## - MAIN ENTRY--PERSONAL NAME
Personal name Haugan, Gregory T.
245 ## - TITLE STATEMENT
Title Project planning and scheduling
Statement of responsibility, etc. by Gregory T. Haugan
260 ## - PUBLICATION, DISTRIBUTION, ETC.
Place of publication, distribution, etc. Vienna
Name of publisher, distributor, etc. Management Concepts
Date of publication, distribution, etc. 2002
300 ## - PHYSICAL DESCRIPTION
Extent 102p.
440 ## - SERIES STATEMENT/ADDED ENTRY--TITLE
Title Project Management Essential Library
650 ## - SUBJECT ADDED ENTRY--TOPICAL TERM
Topical term or geographic name entry element Production scheduling
650 ## - SUBJECT ADDED ENTRY--TOPICAL TERM
Topical term or geographic name entry element Production planning
650 ## - SUBJECT ADDED ENTRY--TOPICAL TERM
Topical term or geographic name entry element Project management
Holdings
Withdrawn status Lost status Damaged status Not for loan Permanent Location Current Location Date acquired Full call number Barcode Date last seen Price effective from Koha item type
        Indian Institute of Public Administration Indian Institute of Public Administration 2002-08-23 I57 H293 77846 2018-07-21 2018-07-21 Book

Powered by Koha